书目信息 |
| 题名: |
微生物学实验基本技术及其实践操作
|
|
| 作者: | 贺智英 著 | |
| 分册: | ||
| 出版信息: | 北京 中国原子能出版社 2021.9 |
|
| 页数: | 209页 | |
| 开本: | 24cm | |
| 丛书名: | ||
| 单 册: | ||
| 中图分类: | Q93 | |
| 科图分类: | ||
| 主题词: | 微生物学--实验 | |
| 电子资源: | ||
| ISBN: | 978-7-5022-9345-1 | |
| 000 | 00848nam0 2200229 45 | |
| 001 | 012001002881 | |
| 005 | 20141010105457.0 | |
| 010 | @a978-7-5022-9345-1@dCNY66.00 | |
| 100 | @a20210218d2018 em y0chiy50 ea | |
| 101 | 0 | @achi |
| 102 | @aCN@b110000 | |
| 105 | @aa z 000yy | |
| 106 | @ar | |
| 200 | 1 | @a微生物学实验基本技术及其实践操作@Awei sheng wu xue shi yan ji ben ji shu ji qi shi jian cao zuo@f贺智英著 |
| 210 | @a北京@c中国原子能出版社@d2021.9 | |
| 215 | @a209页@c图@d24cm | |
| 330 | @a本书共分7章,内容包括:微生物学实验基本理论、微生物学实验基本操作技术、微生物的染色技术与形态结构观察、微生物的生理生化反应、微生物学基础性实验、微生物学综合性实验,以及微生物学应用性实验。 | |
| 606 | 0 | @a微生物学@x实验 |
| 690 | @aQ93@v5 | |
| 701 | 0 | @a贺智英@Ahe zhi ying@4著 |
| 801 | 0 | @aCN@bBJSDL@c20211018 |
| 905 | @b1350683-6@dQ93@e123@f4 | |
| 微生物学实验基本技术及其实践操作/贺智英著.-北京:中国原子能出版社,2021.9 |
| 209页:图;24cm |
| ISBN 978-7-5022-9345-1:CNY66.00 |
| 本书共分7章,内容包括:微生物学实验基本理论、微生物学实验基本操作技术、微生物的染色技术与形态结构观察、微生物的生理生化反应、微生物学基础性实验、微生物学综合性实验,以及微生物学应用性实验。 |
| ● |
| 相关链接 |
|
|
|
|
正题名:微生物学实验基本技术及其实践操作
索取号:Q93/123
 
预约/预借
| 序号 | 登录号 | 条形码 | 馆藏地/架位号 | 状态 | 备注 |
| 1 | 1350683 | 213506838 | 第二样本阅览室/ [索取号:Q93/123] | 在馆 | |
| 2 | 1350684 | 213506847 | 第三借阅区/ [索取号:Q93/123] | 在馆 | |
| 3 | 1350685 | 213506856 | 第三借阅区/ [索取号:Q93/123] | 在馆 | |
| 4 | 1350686 | 213506865 | 第三借阅区/ [索取号:Q93/123] | 在馆 |